000 00362nam a2200133Ia 4500
008 151001s9999||||xx |||||||||||||| ||und||
100 _aरेचल गडकर
245 _aआळशी नवरा
250 _a1
260 _bसेन्ट्रल प्रकाशन मुंबई
260 _c1983
300 _a24
365 _b18
999 _c981859
_d981856